书目信息 |
| 题名: |
庚子之变图志
|
|
| 作者: | 赵健莉 编著 | |
| 分册: | ||
| 出版信息: | 济南 山东画报出版社 2000 |
|
| 页数: | 246页 | |
| 开本: | 22cm | |
| 丛书名: | ||
| 单 册: | ||
| 中图分类: | K256.706 | |
| 科图分类: | ||
| 主题词: | 中国--历史--1840~1949 , 义和团运动--史料--图集 | |
| 电子资源: | ||
| ISBN: | 7-80603-456-0 | |
| 000 | 00602nam0 2200205 45 | |
| 001 | 0304090824 | |
| 005 | 20031219104109.0 | |
| 010 | @a7-80603-456-0@dCNY15.80 | |
| 100 | @a20030409d2000 km y0chiy0120 ea | |
| 101 | 0 | @achi |
| 105 | @aa z 000yy | |
| 200 | 1 | @a庚子之变图志@AGeng Zi Zhi Bian Tu Zhi@f赵健莉编著@FZhao Jian Li BianZhu |
| 210 | @a济南@c山东画报出版社@d2000 | |
| 215 | @a246页@d22cm | |
| 606 | 0 | @a中国@x历史@z1840~1949 |
| 606 | 0 | @a义和团运动@x史料@x图集 |
| 690 | @aK256.706@v4 | |
| 701 | 0 | @a赵健莉@4编著 |
| 801 | @aCN@bTSTC@c20030409 | |
| 905 | @b322461-463@dK256.706@e28@f3 | |
| 庚子之变图志/赵健莉编著.-济南:山东画报出版社,2000 |
| 246页;22cm |
| ISBN 7-80603-456-0:CNY15.80 |
| ● |
| 相关链接 |
|
|
|
|
正题名:庚子之变图志
索取号:K256.706/28
 
预约/预借
| 序号 | 登录号 | 条形码 | 馆藏地/架位号 | 状态 | 备注 |
| 1 | 0322461 | 203224616 | 第二借阅区/ [索取号:K256.706/28] | 在馆 | |
| 2 | 0322462 | 203224625 | 第二借阅区/ [索取号:K256.706/28] | 在馆 | |
| 3 | 0322463 | 203224634 | 第二样本阅览室/ [索取号:K256.706/28] | 在馆 |